[Event "Titled Tuesday intern op 18th Jul Late"]
[Site "Chess.com INT"]
[Date "2023.07.18"]
[Round "4"]
[White "Manukyan, Artyom"]
[Black "Maghsoodloo, Parham"]
[Result "0-1"]
[WhiteElo "2151"]
[BlackElo "2719"]
[PlyCount "68"]
[EventDate "2023.07.18"]
[EventType "swiss (blitz)"]
[EventRounds "11"]
[EventCountry "USA"]
[SourceTitle "EXT 2024"]
[Source "ChessBase"]
[SourceDate "2023.10.10"]
[SourceVersion "1"]
[SourceVersionDate "2023.10.10"]
[SourceQuality "1"]

1. e4 c5 2. Nc3 d6 3. f4 a6 4. a4 Nc6 5. Nf3 g6 6. Bc4 Bg7 7. 0-0 e6 8. f5 Nf6 9. fxe6 Bxe6 10. d3 0-0 11. Bg5 h6 12. Bh4 Qd7 13. Qd2 Kh7 14. Rae1 Rae8 15. Bd5 Bxd5 16. exd5 Ne7 17. Ne5 dxe5 18. Bxf6 Nxd5 19. Ne4 Qc6 20. Bxg7 Kxg7 21. c4 Nf4 22. Qc3 f6 23. g3 Nh3+ 24. Kg2 Ng5 25. Kg1 Rd8 26. Nxg5 hxg5 27. Re3 Rd4 28. Ref3 g4 29. Re3 Qxa4 30. b3 Qd7 31. Qa5 Qd6 32. b4 cxb4 33. c5 Qd8 34. Qa4 Rxd3 0-1

[Event "Titled Tuesday intern op 11th Jul Late"]
[Site "Chess.com INT"]
[Date "2023.07.11"]
[Round "5"]
[White "Maksimovic, Bojan"]
[Black "Manukyan, Artyom"]
[Result "1-0"]
[WhiteElo "2482"]
[BlackElo "2151"]
[PlyCount "135"]
[EventDate "2023.07.11"]
[EventType "swiss (blitz)"]
[EventRounds "11"]
[EventCountry "USA"]
[SourceTitle "EXT 2024"]
[Source "ChessBase"]
[SourceDate "2023.10.10"]
[SourceVersion "1"]
[SourceVersionDate "2023.10.10"]
[SourceQuality "1"]

1. Nf3 d5 2. g3 e6 3. Bg2 Nf6 4. 0-0 Be7 5. d3 0-0 6. Nbd2 a5 7. a4 Nc6 8. Re1 Re8 9. e4 dxe4 10. dxe4 e5 11. c3 Be6 12. Qc2 h6 13. Bf1 Bd6 14. Bc4 Qe7 15. Bxe6 Qxe6 16. Qb3 b6 17. Qxe6 Rxe6 18. Nc4 Rd8 19. Nfd2 Bc5 20. Nb3 Bf8 21. f3 Nd7 22. Be3 Ree8 23. Kf2 Ncb8 24. Red1 Na6 25. Ke2 f6 26. Rd5 Nac5 27. Nxc5 Nxc5 28. Bxc5 Rxd5 29. Bxf8 Rd7 30. Ba3 Red8 31. b3 Kf7 32. Bc1 Rd3 33. Bd2 Ke6 34. Rc1 g5 35. Be3 R3d7 36. h4 Rg8 37. g4 gxh4 38. Rh1 h5 39. gxh5 Rg2+ 40. Bf2 Rh7 41. Rxh4 Rg5 42. h6 Rg6 43. Be3 Rg2+ 44. Kf1 Rc2 45. Bd2 c6 46. Ke2 b5 47. axb5 cxb5 48. Kd3 Ra2 49. Ne3 a4 50. bxa4 bxa4 51. Nd5 a3 52. Rh1 Rb2 53. Ra1 a2 54. c4 f5 55. exf5+ Kxf5 56. Bc3 Rh2 57. Bd2 Ra7 58. c5 Ra3+ 59. Nc3 Ke6 60. Rxa2 Rxa2 61. Nxa2 Kd5 62. Nc3+ Kxc5 63. Ne4+ Kd5 64. Bg5 Ke6 65. Be3 Kf5 66. Nf2 Ke6 67. Ke4 Kf6 68. Ng4+ 1-0

[Event "Titled Tuesday intern op 27th Jun Late"]
[Site "Chess.com INT"]
[Date "2023.06.27"]
[Round "6"]
[White "Manukyan, Artyom"]
[Black "Hambleton, Aman"]
[Result "1-0"]
[WhiteElo "2110"]
[BlackElo "2420"]
[PlyCount "67"]
[EventDate "2023.06.27"]
[EventType "swiss (blitz)"]
[EventRounds "11"]
[EventCountry "USA"]
[SourceTitle "EXT 2024"]
[Source "ChessBase"]
[SourceDate "2023.10.10"]
[SourceVersion "1"]
[SourceVersionDate "2023.10.10"]
[SourceQuality "1"]

1. e4 b6 2. d4 Bb7 3. Bd3 e6 4. f4 d5 5. e5 Ba6 6. Nf3 Bxd3 7. Qxd3 Qd7 8. 0-0 Ne7 9. c3 c5 10. a4 c4 11. Qe2 Nbc6 12. Be3 h5 13. Bf2 Nf5 14. Nbd2 Na5 15. Nh4 Be7 16. Nxf5 exf5 17. Rfe1 Qe6 18. Nf3 Nb3 19. Rad1 0-0-0 20. Bh4 Bxh4 21. Nxh4 g6 22. Nf3 Qe7 23. Ng5 Rhf8 24. Qf3 Qd7 25. e6 fxe6 26. Rxe6 Rfe8 27. Rde1 Nd2 28. Qd1 Ne4 29. Rxg6 Kb8 30. Nxe4 fxe4 31. Qxh5 Qxa4 32. Rg7 Rd7 33. Qxe8+ Rd8 34. Qxd8# 1-0

[Event "Titled Tuesday intern op 27th Jun Late"]
[Site "Chess.com INT"]
[Date "2023.06.27"]
[Round "9"]
[White "Manukyan, Artyom"]
[Black "Nazari, Arad"]
[Result "1-0"]
[WhiteElo "2110"]
[BlackElo "2367"]
[PlyCount "66"]
[EventDate "2023.06.27"]
[EventType "swiss (blitz)"]
[EventRounds "11"]
[EventCountry "USA"]
[SourceTitle "EXT 2024"]
[Source "ChessBase"]
[SourceDate "2023.10.10"]
[SourceVersion "1"]
[SourceVersionDate "2023.10.10"]
[SourceQuality "1"]

1. e4 c5 2. Nc3 d6 3. f4 Nc6 4. Nf3 g6 5. Bc4 Bg7 6. 0-0 e6 7. f5 exf5 8. d3 Nge7 9. Qe1 h6 10. Bd2 0-0 11. Qh4 fxe4 12. dxe4 Na5 13. Bg5 Nxc4 14. Bxe7 Qe8 15. Nd5 Be6 16. Nf6+ Bxf6 17. Bxf6 h5 18. Qg5 Kh7 19. Qf4 Bg4 20. Ng5+ Kg8 21. h3 Bd7 22. b3 Ne5 23. Rad1 Bb5 24. c4 Bc6 25. Rxd6 Nd7 26. Bb2 f6 27. Ne6 Qe7 28. Nxf8 Rxf8 29. Bxf6 Qh7 30. e5 Nxf6 31. Rxf6 Re8 32. e6 Qe7 33. Qe5 Kh7 1-0

[Event "Titled Tuesday intern op 20th Jun Late"]
[Site "Chess.com INT"]
[Date "2023.06.20"]
[Round "4"]
[White "Avila Pavas, Santiago"]
[Black "Manukyan, Artyom"]
[Result "1-0"]
[WhiteElo "2499"]
[BlackElo "2110"]
[PlyCount "29"]
[EventDate "2023.06.20"]
[EventType "swiss (blitz)"]
[EventRounds "11"]
[EventCountry "USA"]
[SourceTitle "EXT 2024"]
[Source "ChessBase"]
[SourceDate "2023.10.10"]
[SourceVersion "1"]
[SourceVersionDate "2023.10.10"]
[SourceQuality "1"]

1. d4 d5 2. Nf3 Nf6 3. Bg5 Ne4 4. Bh4 Qd6 5. Nc3 Qh6 6. Nxd5 Na6 7. e3 Bg4 8. Bxa6 0-0-0 9. Bc4 Be6 10. Qd3 f5 11. Nf4 Bxc4 12. Qxc4 g5 13. Ne6 Rd7 14. Bxg5 Qg6 15. Ne5 1-0

[Event "Titled Tuesday intern op 23rd May Early"]
[Site "Chess.com INT"]
[Date "2023.05.23"]
[Round "5"]
[White "Manukyan, Artyom"]
[Black "Fajdetic, Hrvoje"]
[Result "1-0"]
[WhiteElo "2110"]
[BlackElo "2151"]
[PlyCount "99"]
[EventDate "2023.05.23"]
[EventType "swiss (blitz)"]
[EventRounds "11"]
[EventCountry "USA"]
[SourceTitle "CBM 214 Extra"]
[Source "ChessBase"]
[SourceDate "2023.07.31"]
[SourceVersion "1"]
[SourceVersionDate "2023.07.31"]
[SourceQuality "1"]

1. Nf3 f5 2. g3 d6 3. Bg2 e5 4. 0-0 Nf6 5. c4 Be7 6. b3 0-0 7. Bb2 c6 8. d3 Qe8 9. Nbd2 Qh5 10. e3 f4 11. exf4 exf4 12. Ne4 Nxe4 13. dxe4 Bg4 14. Qd3 Nd7 15. Rae1 Nc5 16. Qd4 Bf6 17. e5 dxe5 18. Nxe5 f3 19. Bh1 Nd7 20. Qxg4 Qxg4 21. Nxg4 Bxb2 22. Re7 Nc5 23. Rd1 Rad8 24. Rxd8 Rxd8 25. Bxf3 Rd2 26. b4 h5 27. Ne3 Nd3 28. Rd7 Rxf2 29. Bxh5 Rd2 30. Bg6 Kf8 31. Rxd3 Rxd3 32. Bxd3 Bd4 33. Kf2 a5 34. bxa5 Ke7 35. Kf3 Kd7 36. a4 Bc3 37. a6 bxa6 38. Ke4 Bb4 39. g4 Bd6 40. h4 Bg3 41. h5 Bh4 42. Nf5 Bf6 43. Kf4 Bc3 44. g5 Bd2+ 45. Kg4 Ke6 46. Nxg7+ Ke5 47. Nf5 a5 48. h6 Bc3 49. h7 Ke6 50. g6 1-0

[Event "Titled Tuesday intern op 23rd May Early"]
[Site "Chess.com INT"]
[Date "2023.05.23"]
[Round "11"]
[White "Manukyan, Artyom"]
[Black "Manukian, Artak"]
[Result "1-0"]
[WhiteElo "2110"]
[BlackElo "2196"]
[PlyCount "67"]
[EventDate "2023.05.23"]
[EventType "swiss (blitz)"]
[EventRounds "11"]
[EventCountry "USA"]
[SourceTitle "CBM 214 Extra"]
[Source "ChessBase"]
[SourceDate "2023.07.31"]
[SourceVersion "1"]
[SourceVersionDate "2023.07.31"]
[SourceQuality "1"]

1. Nf3 g6 2. g3 Bg7 3. Bg2 Nf6 4. 0-0 0-0 5. c4 c5 6. Nc3 Nc6 7. d4 cxd4 8. Nxd4 d6 9. Nxc6 bxc6 10. Bxc6 Bh3 11. Bxa8 Qxa8 12. f3 Bxf1 13. Kxf1 Ng4 14. fxg4 Qh1+ 15. Kf2 Qxh2+ 16. Ke1 Qxg3+ 17. Kd2 Qxg4 18. Kc2 Qxc4 19. Qd3 Qc6 20. Bd2 Rc8 21. Rf1 e6 22. a3 d5 23. Kb1 h5 24. Qf3 Rc7 25. Rc1 Rb7 26. Rc2 Qa6 27. a4 Qc4 28. Nb5 Qxa4 29. Nd6 Rd7 30. Rc8+ Kh7 31. Nxf7 Rxf7 32. Qxf7 Qd1+ 33. Bc1 Qxe2 34. Qg8# 1-0

[Event "Titled Tuesday intern op 23rd May Late"]
[Site "Chess.com INT"]
[Date "2023.05.23"]
[Round "3"]
[White "Pace, Christopher"]
[Black "Manukyan, Artyom"]
[Result "1/2-1/2"]
[WhiteElo "2053"]
[BlackElo "2110"]
[PlyCount "32"]
[EventDate "2023.05.23"]
[EventType "swiss (blitz)"]
[EventRounds "11"]
[EventCountry "USA"]
[SourceTitle "EXT 2024"]
[Source "ChessBase"]
[SourceDate "2023.10.10"]
[SourceVersion "1"]
[SourceVersionDate "2023.10.10"]
[SourceQuality "1"]

1. e4 Nf6 2. Nc3 d5 3. e5 d4 4. exf6 dxc3 5. fxg7 cxd2+ 6. Qxd2 Qxd2+ 7. Bxd2 Bxg7 8. 0-0-0 0-0 9. Nf3 Nc6 10. Bb5 Bg4 11. Bxc6 bxc6 12. Rde1 Bxf3 13. gxf3 Bf6 14. Re4 Rfd8 15. Bf4 Rd7 16. c3 Rb8 1/2-1/2

[Event "Titled Tuesday intern op 23rd May Early"]
[Site "Chess.com INT"]
[Date "2023.05.23"]
[Round "10"]
[White "Srihari, LR."]
[Black "Manukyan, Artyom"]
[Result "1-0"]
[WhiteElo "2416"]
[BlackElo "2110"]
[PlyCount "63"]
[EventDate "2023.05.23"]
[EventType "swiss (blitz)"]
[EventRounds "11"]
[EventCountry "USA"]
[SourceTitle "CBM 214 Extra"]
[Source "ChessBase"]
[SourceDate "2023.07.31"]
[SourceVersion "1"]
[SourceVersionDate "2023.07.31"]
[SourceQuality "1"]

1. e4 Nf6 2. e5 Nd5 3. Nc3 e6 4. Bc4 Nxc3 5. dxc3 d6 6. Nf3 Nc6 7. exd6 Bxd6 8. Be3 0-0 9. Qe2 Ne5 10. Bb3 Nxf3+ 11. Qxf3 Qf6 12. Qxf6 gxf6 13. 0-0-0 b6 14. f3 Bb7 15. Bc4 Kg7 16. Bf2 Rfd8 17. Bg3 h5 18. Bd3 f5 19. Rde1 Kg6 20. Rhg1 Kg5 21. Kd2 h4 22. Bxd6 Rxd6 23. Ke3 Rh8 24. Kf2 Kf6 25. g4 hxg3+ 26. hxg3 Rh2+ 27. Rg2 Rxg2+ 28. Kxg2 e5 29. Kf2 e4 30. fxe4 fxe4 31. Bxe4 Re6 32. Bxb7 1-0

[Event "MSU Interuniversity Cup"]
[Site "Moscow RUS"]
[Date "2023.05.17"]
[Round "7.5"]
[White "Manukyan, Artyom"]
[Black "Nyudleev, Dolgan"]
[Result "1/2-1/2"]
[WhiteElo "2110"]
[BlackElo "2333"]
[PlyCount "165"]
[EventDate "2023.05.15"]
[EventType "team (rapid)"]
[EventRounds "9"]
[EventCountry "RUS"]
[SourceTitle "CBM 214 Extra"]
[Source "ChessBase"]
[SourceDate "2023.07.31"]
[SourceVersion "1"]
[SourceVersionDate "2023.07.31"]
[SourceQuality "1"]
[WhiteTeam "Armenia"]
[BlackTeam "MGU Lomonosova"]
[WhiteTeamCountry "ARM"]
[BlackTeamCountry "RUS"]

1. e4 c5 2. Nc3 Nc6 3. Bb5 Nd4 4. Nf3 a6 5. Bd3 Nc6 6. 0-0 d6 7. h3 Nf6 8. Re1 e6 9. b3 Be7 10. Bb2 0-0 11. e5 dxe5 12. Nxe5 Nxe5 13. Rxe5 Bd7 14. Ne2 Bc6 15. Ng3 g6 16. Re1 Nd5 17. Be4 Bf6 18. Bxf6 Qxf6 19. Bf3 Rad8 20. Ne4 Qe7 21. Qc1 f5 22. Ng3 Qf6 23. d3 Ne7 24. Bxc6 Nxc6 25. Qf4 b5 26. Rac1 e5 27. Qh6 Rd4 28. Ne2 Rd7 29. Ng3 Re7 30. h4 Nd4 31. Qg5 Qxg5 32. hxg5 Rfe8 33. Ne2 Ne6 34. Nc3 Nc7 35. g3 Kf7 36. Re2 Ne6 37. Nd5 Nd4 38. Re3 Rb7 39. Kg2 Ke6 40. Nf6 Ree7 41. c3 Nc6 42. Rce1 Kd6 43. Rh1 b4 44. c4 Nd4 45. Nd5 Re6 46. Nf6 a5 47. Nxh7 f4 48. gxf4 exf4 49. Rxe6+ Nxe6 50. Rh6 Ke5 51. Nf6 Kf5 52. Nd5 Nxg5 53. Rh8 Ne6 54. Ra8 Rh7 55. Rxa5 Ke5 56. Ra8 Kd4 57. Re8 Nc7 58. Rd8 Nxd5 59. Rxd5+ Kc3 60. Rxc5 Kxd3 61. Rb5 Kc3 62. Kf3 Ra7 63. c5 Rxa2 64. c6 Kxb3 65. Rc5 Ra8 66. c7 Rc8 67. Kxf4 Ka4 68. Ke4 b3 69. Kd3 Kb4 70. Rc4+ Kb5 71. Kc3 b2 72. Rb4+ Kc5 73. Rxb2 Rxc7 74. Kd3 Kd5 75. Rb6 Rg7 76. Ke3 Ke5 77. Rb5+ Kf6 78. Kf4 Ra7 79. Rb6+ Kg7 80. Kg4 Ra4+ 81. f4 Kh6 82. Rc6 Rb4 83. Ra6 1/2-1/2

[Event "MSU Interuniversity Cup"]
[Site "Moscow RUS"]
[Date "2023.05.16"]
[Round "3.4"]
[White "Zeliantsova, Kseniya"]
[Black "Manukyan, Artyom"]
[Result "1-0"]
[WhiteElo "1993"]
[BlackElo "2110"]
[PlyCount "85"]
[EventDate "2023.05.15"]
[EventType "team (rapid)"]
[EventRounds "9"]
[EventCountry "RUS"]
[SourceTitle "CBM 214 Extra"]
[Source "ChessBase"]
[SourceDate "2023.07.31"]
[SourceVersion "1"]
[SourceVersionDate "2023.07.31"]
[SourceQuality "1"]
[WhiteTeam "Belarus"]
[BlackTeam "Armenia"]
[WhiteTeamCountry "BLR"]
[BlackTeamCountry "ARM"]

1. e4 c5 2. Nf3 Nc6 3. Bb5 g6 4. c3 Bg7 5. 0-0 Nf6 6. Re1 a6 7. Ba4 b5 8. Bc2 d6 9. h3 0-0 10. d4 e5 11. Be3 cxd4 12. cxd4 exd4 13. Nxd4 Nb4 14. Bb3 Bb7 15. a3 Nc6 16. Nc3 Re8 17. f3 Na5 18. Bf2 d5 19. exd5 Rxe1+ 20. Qxe1 Nxd5 21. Bxd5 Bxd5 22. Rd1 Bb7 23. Nc6 Nxc6 24. Rxd8+ Rxd8 25. Bb6 Ra8 26. Ne4 Ne5 27. b3 Bd5 28. Qe3 Nc6 29. Kh1 Be6 30. Nc5 Re8 31. Nxa6 Bd7 32. Qc1 Ne5 33. Nc5 Rc8 34. Qd2 Bc6 35. f4 Bh6 36. Qd4 Nf3 37. gxf3 Bxf3+ 38. Kh2 Re8 39. Nd7 Re2+ 40. Kg3 Bc6 41. Nf6+ Kf8 42. Bc5+ Kg7 43. Ng4+ 1-0

[Event "MSU Interuniversity Cup"]
[Site "Moscow RUS"]
[Date "2023.05.15"]
[Round "1.3"]
[White "Ilkhomi, Jaloliddin"]
[Black "Manukyan, Artyom"]
[Result "0-1"]
[WhiteElo "1997"]
[BlackElo "2110"]
[PlyCount "114"]
[EventDate "2023.05.15"]
[EventType "team (rapid)"]
[EventRounds "9"]
[EventCountry "RUS"]
[SourceTitle "CBM 214 Extra"]
[Source "ChessBase"]
[SourceDate "2023.07.31"]
[SourceVersion "1"]
[SourceVersionDate "2023.07.31"]
[SourceQuality "1"]
[WhiteTeam "Tajikistan"]
[BlackTeam "Armenia"]
[WhiteTeamCountry "TJK"]
[BlackTeamCountry "ARM"]

1. Nf3 d5 2. c4 e6 3. g3 Nf6 4. Bg2 Be7 5. 0-0 0-0 6. d4 dxc4 7. Ne5 Nc6 8. Bxc6 bxc6 9. Nxc6 Qe8 10. Nxe7+ Qxe7 11. Qa4 e5 12. dxe5 Qxe5 13. Qxc4 Be6 14. Qd3 Rfe8 15. Nc3 Qh5 16. f3 Rad8 17. Qb5 Qxb5 18. Nxb5 Bc4 19. Nc3 Nd5 20. Nxd5 Rxd5 21. e4 Bxf1 22. exd5 Re1 23. Kf2 Rd1 24. b3 Ba6 25. Ke3 Rxd5 26. Bb2 Rd3+ 27. Ke4 c5 28. Rc1 Rd2 29. Ba3 Rxh2 30. Bxc5 Rxa2 31. Rd1 Re2+ 32. Kf4 h6 33. g4 Re8 34. Bxa7 g5+ 35. Kg3 Ra8 36. Bc5 Bb5 37. Rd6 Ra6 38. Rd8+ Kh7 39. Bd4 f6 40. Rd5 Be8 41. b4 Kg6 42. Rd8 Bc6 43. Rd6 Bb5 44. Rd5 Bc4 45. Rc5 Be2 46. Kf2 Ra2 47. Ke3 Bf1 48. Bc3 Re2+ 49. Kd4 Bg2 50. Rf5 h5 51. Kd3 Re6 52. Rxf6+ Rxf6 53. Bxf6 Kxf6 54. Ke3 hxg4 55. fxg4 Ke5 56. b5 Bb7 57. b6 Bc6 0-1

[Event "Titled Tuesday intern op 18th Apr Early"]
[Site "Chess.com INT"]
[Date "2023.04.18"]
[Round "2"]
[White "Fajdetic, Hrvoje"]
[Black "Manukyan, Artyom"]
[Result "1-0"]
[WhiteElo "2151"]
[BlackElo "2110"]
[PlyCount "65"]
[EventDate "2023.04.18"]
[EventType "swiss (blitz)"]
[EventRounds "11"]
[EventCountry "USA"]
[SourceTitle "EXT 2024"]
[Source "ChessBase"]
[SourceDate "2023.10.10"]
[SourceVersion "1"]
[SourceVersionDate "2023.10.10"]
[SourceQuality "1"]

1. d4 e6 2. Bf4 f5 3. h3 Nf6 4. e3 b6 5. g4 Bb7 6. Rh2 Be7 7. a4 d6 8. a5 Qd7 9. a6 Bc6 10. gxf5 exf5 11. Bc4 Nd5 12. Ne2 Bf6 13. Nbc3 Nxc3 14. Nxc3 d5 15. Bd3 0-0 16. Qh5 g6 17. Rg2 Bg7 18. Qf3 Qe6 19. h4 Bxd4 20. h5 Bxc3+ 21. bxc3 d4 22. Qg3 Bxg2 23. Qxg2 Nd7 24. cxd4 Rad8 25. hxg6 Qxg6 26. Bc4+ Kg7 27. Qh2 Rfe8 28. 0-0-0 Nf6 29. Be5 Rxe5 30. Qxe5 Kh8 31. Qxc7 Rf8 32. Qxa7 Ne4 33. Qe7 1-0

[Event "Titled Tuesday intern op 11th Apr Late"]
[Site "Chess.com INT"]
[Date "2023.04.11"]
[Round "2"]
[White "Manukyan, Artyom"]
[Black "Kostiukov, Alexandr"]
[Result "0-1"]
[WhiteElo "2110"]
[BlackElo "2271"]
[PlyCount "84"]
[EventDate "2023.04.11"]
[EventType "swiss (blitz)"]
[EventRounds "11"]
[EventCountry "USA"]
[SourceTitle "CBM 213 Extra"]
[Source "ChessBase"]
[SourceDate "2023.05.31"]
[SourceVersion "1"]
[SourceVersionDate "2023.05.31"]
[SourceQuality "1"]

1. e4 c5 2. b4 cxb4 3. a3 bxa3 4. Bxa3 Nf6 5. e5 Nd5 6. Nf3 g6 7. c4 Nc7 8. d4 Bg7 9. Bd3 0-0 10. h4 d6 11. h5 Nc6 12. hxg6 hxg6 13. e6 Nxe6 14. Bb2 Ncxd4 15. Nxd4 Nxd4 16. Bxg6 fxg6 17. Bxd4 e5 18. Be3 Be6 19. Nd2 d5 20. Bh6 Bxh6 21. Rxh6 Qg5 22. Rh1 Qxg2 23. Rf1 dxc4 24. Qc2 Rad8 25. Ra3 Qd5 26. Qxg6+ Kh8 27. Qh6+ Kg8 28. Qg6+ Kh8 29. Qh6+ Kg8 30. Rg1+ Kf7 31. Rg7+ Ke8 32. Rxa7 c3 33. Raxb7 Qxd2+ 34. Qxd2 cxd2+ 35. Kd1 Rf7 36. Rg8+ Rf8 37. Rgg7 Bf7 38. Rg5 Rd5 39. Rb8+ Ke7 40. Rb7+ Kf6 41. Rg3 Rc8 42. Rf3+ Kg5 0-1

[Event "Titled Tuesday intern op 04th Apr Early"]
[Site "Chess.com INT"]
[Date "2023.04.04"]
[Round "7"]
[White "Goncharov, Vladimir"]
[Black "Manukyan, Artyom"]
[Result "0-1"]
[WhiteElo "2077"]
[BlackElo "2110"]
[PlyCount "84"]
[EventDate "2023.04.04"]
[EventType "swiss (blitz)"]
[EventRounds "11"]
[EventCountry "USA"]
[SourceTitle "EXT 2024"]
[Source "ChessBase"]
[SourceDate "2023.10.10"]
[SourceVersion "1"]
[SourceVersionDate "2023.10.10"]
[SourceQuality "1"]

1. d4 d5 2. c4 e6 3. Nc3 Nf6 4. Bg5 c5 5. cxd5 cxd4 6. Qa4+ Qd7 7. Qxd4 Nc6 8. Qd2 Nxd5 9. Nxd5 exd5 10. a3 Bc5 11. Nf3 0-0 12. Rc1 Bb6 13. g3 h6 14. Bf4 Re8 15. h4 Na5 16. Bh3 Qb5 17. Rxc8 Raxc8 18. Bxc8 Rxc8 19. 0-0 Nc4 20. Qd3 Qxb2 21. Qxd5 Qxe2 22. Qxb7 Rd8 23. Kg2 Nxa3 24. Bc7 Qe7 25. Rc1 Nb5 26. Bxb6 Qxb7 27. Bxd8 Nd4 28. Rc3 Nxf3 29. Rxf3 Qe4 30. Bc7 f5 31. Bf4 Kh7 32. Bd6 a5 33. Bf4 a4 34. h5 a3 35. Bc1 a2 36. Bb2 Kg8 37. Ba1 Qd5 38. Bb2 Qe4 39. Ba1 Kh7 40. Bb2 g5 41. hxg6+ Kxg6 42. Ba1 Kh5 0-1

[Event "Titled Tuesday intern op 04th Apr Early"]
[Site "Chess.com INT"]
[Date "2023.04.04"]
[Round "3"]
[White "Lobanov, Sergei"]
[Black "Manukyan, Artyom"]
[Result "1-0"]
[WhiteElo "2536"]
[BlackElo "2110"]
[PlyCount "77"]
[EventDate "2023.04.04"]
[EventType "swiss (blitz)"]
[EventRounds "11"]
[EventCountry "USA"]
[SourceTitle "EXT 2024"]
[Source "ChessBase"]
[SourceDate "2023.10.10"]
[SourceVersion "1"]
[SourceVersionDate "2023.10.10"]
[SourceQuality "1"]

1. Nf3 d5 2. g3 e6 3. Bg2 Nf6 4. 0-0 Be7 5. d4 0-0 6. c4 dxc4 7. Qc2 a6 8. a4 Bd7 9. Qxc4 Bc6 10. Bg5 Nbd7 11. Nbd2 h6 12. Bxf6 Nxf6 13. Qc2 Bxf3 14. Nxf3 c6 15. a5 Rc8 16. Qb3 Qc7 17. Rfc1 Rfd8 18. e3 Rd5 19. Ne5 Rb5 20. Qa2 Nd5 21. Bf1 Nb4 22. Qa4 Rd5 23. Rc4 Rb5 24. Rc3 Rd5 25. Rb3 c5 26. Rc1 Qd8 27. Bg2 cxd4 28. Rxc8 Qxc8 29. Bxd5 Qc1+ 30. Kg2 dxe3 31. Qe8+ Kh7 32. Be4+ f5 33. Qg6+ Kh8 34. Nf7+ Kg8 35. Nxh6+ Kh8 36. Rxe3 fxe4 37. Nf7+ Kg8 38. Qxe6 Qc6 39. Qxe7 1-0